The presence of green marketing and consumers' environmental awareness in Hungary

Bibliographic Details
Main Author: Hauzer Ágnes
Other Authors: Papp Judit
Format: Thesis
Kulcsszavak:Environmental protection
Green marketing
Eco marketing
Hungary
Conscious buyers
Online Access:http://dolgozattar.uni-bge.hu/3926

MARC

LEADER 00000nta a2200000 i 4500
001 dolg3926
005 20160407122653.0
008 151202suuuu hu om 000 eng d
040 |a BGE Dolgozattár Repozitórium  |b hun 
041 |a en 
100 1 |a Hauzer Ágnes 
245 1 4 |a The presence of green marketing and consumers' environmental awareness in Hungary  |c Hauzer Ágnes  |h [elektronikus dokumentum] 
695 |a Environmental protection 
695 |a Green marketing 
695 |a Eco marketing 
695 |a Hungary 
695 |a Conscious buyers 
700 1 |a Papp Judit  |e ths 
856 4 0 |u http://dolgozattar.uni-bge.hu/3926/1/Hauzer%20%C3%81gnes%20Thesis%202015.pdf  |z Dokumentum-elérés